000 00255nmm a2200097Ia 4500
008 220120s9999||||xx |||||||||||||||||und||
082 _a0 76 DEA
100 _aDeal, Richard
245 0 _aCisco certified network associate study guide (CCNA)
260 _c2004
999 _c139063
_d139063